000 01257nam0a22003251 4500
001 rc\2263399
005 20231124140653.0
035 _a(NLR Aleph) 006542112
090 _a6647976
_c6647976
100 _a20110826d1978 |||y0rusy50 ca
101 0 _arus
102 _aRU
105 _ay z |||||
200 1 _aВ час великих испытаний
210 _aДушанбе
_cИрфон
_d1978
215 _a96 с.
_d20
601 0 1 _aСССР
_bПограничные войска
_xУчастие в Великой Отечественной войне
_z1941 - 1945
_jВоспоминания, записки и т.п
_2nlr_sh2
_3RU\NLR\AUTH\661428428
607 _aЛенинград, город
_xОборона
_z1941 - 1944
_jВоспоминания, записки и т.п
_2nlr_sh1
_2nlr_sh2
_3RU\NLR\AUTH\661253337
686 2 _aЦ35(2)722.11(2Р-4Ле-2Ленинград)-68,013
700 1 _aНедошивин
_bВ. Г.
_gВениамин Георгиевич
801 0 _aRU
_bNLR
_gpsbo
801 1 _aRU
_bELAR
_2rusmarc
852 _aNLR
_j78-4/19239
899 _aRuMoRGB
_jБ 78-45/264
899 _aRuMoRGB
_jБ 78-45/265
899 _aRuMoRGB
_jВО 692/294
942 _cBOOK
980 _aNB